000 00777nam a2200181Ia 4500
008 100920s9999 xx 000 0 und d
082 _b8869
_a891.43 0
100 _aतारादेवी कुँवरानी.
245 _aजीवन-दान ( मौलिक सामाजिक उपन्यास ).
260 _bराजपाल एण्ड सन्स ,कश्मीरी गेट, दिल्ली.
_c0
300 _a283
_bसाधी
365 _b5
520 _aहिंदी.
630 _aजीवन-दान ( मौलिक सामाजिक उपन्यास ).
650 _aहिंदी.
730 _aजीवन-दान ( मौलिक सामाजिक उपन्यास ).
942 _cBOOK
999 _c676018
_d676015